Logo BPK

Biblioteka

Politechniki Koszalińskiej

Analiza zjawisk towarzyszących odkształceniu warstwy wierzchniej w procesie nagniatania / (Rekord nr 29177)

Szczegóły MARC
000 -ETYKIETA REKORDU
podpole kontrolne o stałej długości 01352nam a2200373 i 4500
001 - NUMER KONTROLNY REKORDU
pole kontrolne 29177
003 - IDENTYFIKATOR NUMERU KONTROLNEGO REKORDU
podpole kontrolne KOSZ 005
005 - DATA OSTATNIEJ MODYFIKACJI REKORDU
podpole kontrolne 20200904140557.0
008 - POLE O STAŁEJ DŁUGOŚCI - DANE KONTROLNE
podpole kontrolne o stałej długości 970903s1990 pl a f |000 0 pol
015 ## - NUMER BIBLIOGRAFII NARODOWEJ
Numer bibliografii narodowej PB 1990/4698
020 ## - MIĘDZYNARODOWY ZNORMALIZOWANY NUMER KSIĄŻKI - ISBN
ISBN 8385031138
035 ## - NUMER SYSTEMOWY
Numer systemowy przejętego rekordu (OCoLC)830077843
040 ## - ŹRÓDŁO KATALOGOWANIA
Instytucja, która sporządziła opis WA N
Instytucja, która utworzyła rekord KOSZ 005/HR
Instytucja, która dokonała modyfikacji KOSZ 005/HR
041 0# - KOD JĘZYKA
Kod języka tekstu pol
Kod języka streszczenia lub abstraktu eng
-- rus
080 ## - UNIWERSALNA KLASYFIKACJA DZIESIĘTNA - UKD
UKD 621.78
080 ## - UNIWERSALNA KLASYFIKACJA DZIESIĘTNA - UKD
UKD 539.3/.6
100 1# - NAZWA OSOBOWA
Nazwa osobowa Tubielewicz, Krzysztof
Daty związane z nazwą (1938- )
Określenie rodzaju współpracy Autor
245 10 - TYTUŁ/ODPOWIEDZIALNOŚĆ
Tytuł Analiza zjawisk towarzyszących odkształceniu warstwy wierzchniej w procesie nagniatania /
Pozostałe elementy strefy tytułu i oznaczenia odpowiedzialności Krzysztof Tubielewicz.
260 ## - STREFA ADRESU WYDAWNICZEGO
Miejsce wydania Częstochowa :
Nazwa wydawcy/dystrybutora Wydaw. PC,
Data publikacji, dystrybucji/powstania dokumentu 1990.
300 ## - STREFA OPISU FIZYCZNEGO
Objętość 193, [1] s., [1] k. tabl. :
Inne cechy fizyczne fot., rys., wykr. ;
Rozmiary 24 cm.
380 ## - FORMA I TYP PUBLIKACJI
Forma i typ publikacji Książki.
388 ## - CZAS POWSTANIA
Czas powstania 1901-2000
490 1# - STREFA SERII I DOKUMENTU WIELOCZĘŚCIOWEGO - FORMA NIE DO WYSZUKIWANIA
Tytuł i oznaczenie odpowiedzialności serii Monografie / Politechnika Częstochowska,
ISSN 0860-5017 ;
Numeracja w obrębie serii nr 13.
504 ## - UWAGA DOTYCZĄCA BIBLIOGRAFII
Informacje o bibliografii Bibliogr. s. 180-[194].
546 ## - UWAGA O JĘZYKU
Uwaga o języku Streszcz. ros., ang.
658 ## - TERMIN INDEKSOWY - PRZEDMIOT PROGRAMU NAUCZANIA
Główny przedmiot programu nauczania Inżynieria i technika
650 #4 - HASŁO PRZEDMIOTOWE W FORMIE NAZWY OGÓLNEJ LUB JEDNOSTKOWEJ
Nazwa ogólna lub geograficzna Naprężenia i odkształcenia
655 #4 - TERMIN INDEKSOWY - OKREŚLENIE RODZAJU/FORMY DOKUMENTU
Określenie rodzaju/formy dokumentu Monografia
650 #4 - HASŁO PRZEDMIOTOWE W FORMIE NAZWY OGÓLNEJ LUB JEDNOSTKOWEJ
Nazwa ogólna lub geograficzna Nagniatanie
710 2# - HASŁO DODATKOWE - NAZWA CIAŁA ZBIOROWEGO
Nazwa ciała zbiorowego lub jednostki geograficznej Politechnika Częstochowska.
Nazwa jednostki podrzędnej Wydawnictwo.
Kod określenia powiązania pbl.
830 #0 - HASŁO DODATKOWE SERII LUB DOKUMENTU WIELOCZĘŚCIOWEGO - TYTUŁ UJEDNOLICONY
Tytuł ujednolicony Monografie - Politechnika Częstochowska,
Oznaczenie tomu nr 13.
856 ## - LOKALIZACJA I DOSTĘP DO ELEKTRONICZNYCH DOKUMENTÓW ZDALNYCH
Link (URL) http://koha.tu.koszalin.pl/cgi-bin/koha/opac-detail.pl?biblionumber=29177
Tekst linku Katalog online BPK
942 ## - DODATKOWE ELEMENTY (KOHA)
Schemat klasyfikacji Uniwersalna Klasyfikacja Dziesiętna
Typ dokumentu Książka
Egzemplarze
Wycofany Status egzemplarza Uszkodzony Dostępność Lokalizacja stała Lokalizacja bieżąca Miejsce przechowywania Sygnatura Kod kreskowy Typ dokumentu
      Dostępny Biblioteka Politechniki Koszalińskiej Biblioteka Politechniki Koszalińskiej Wypożyczalnia BG 35244 01094107 Książka
© 2023 Biblioteka Politechniki Koszalińskiej :: KOHA